00853 2200253 4500001002100000005001700021008004100038035002400079082001100103090002100114100004400135245019600179250001100375260004000386300001800426500003000444650004400474850001500518980001500533985000600548999001500554999001500569999001500584YOGYA-0209000004125120090227025741.0 ind  0010-020900000041251 a344.04 a344.04bInd HlR aINDONESIA. Undang-undang, Peraturan dsb aHimpunan peraturan perundang-undangan bidang kesehatan dan peraturan lainnya yang berkaitan dengan pelaksanaan tugas Depkescdihimpun oleh Biro Hukum dan Hubungan Masyarakat Sekjend Depkes RI aCet. 1 aJakartabDepartemen Kesehatanc1978 a...jilc24 cm aYang diterima : Jil. 1, 2 aKesehatan - Undang-undang dan peraturan aYOPDYOG(B) a20-01-2008 a3 a07A0028050 a07A0028051 a07A0028052